000 00425nam a22001337a 4500
008 150515b xxu||||| |||| 00| 0 eng d
082 _a708
_bD 418b
100 _aDeodato, Pino
_92679
245 _aBoccadirosa Pino Deodato
_cDeodato, Pino
260 _aMiami, Florida
_bGalleria Ambrosino
_c2000
300 _a42 p.
_bill. (col)
_c21x28.5 cm
650 _xArte moderno
_xDeodato, Pino
_xExhibición
_92680
700 _aGeorge Bolge
_92681
999 _c598
_d598